000 00380nam a2200157Ia 4500
003 GCL
008 140319s9999 xx 000 0 eng d
040 _aGCL /
_cGCL
082 0 4 _a929,92
_bC F
100 1 _aCRAMPTON, WILLIAM
245 1 0 _aFLAG /
_cCRAMPTON, WILLIAM
260 _a[S.N] :
_bDORLING KINDERSLEY ،
_c1990
300 _a63 PP
650 0 4 _aFLAGS
942 _2ddc
_cBK
999 _c18837
_d18837